ロード中...

Naresh mehtha ke kavya ka anusheelan /

書誌詳細
第一著者: Prathibha Muthaliar
フォーマット: Printed Book
言語:Hindi
出版事項: New Delhi : Sardhak Prakashan , 1997.
主題:
LEADER 00538nam a2200157Ia 4500
008 150624b xxu||||| |||| 00| p hin d
082 |a 861.83709 
100 |a Prathibha Muthaliar 
245 |c Prathibha Muthaliar  |a Naresh mehtha ke kavya ka anusheelan / 
260 |a New Delhi :  |b Sardhak Prakashan ,  |c 1997. 
300 |a 302 p. 
546 |a In Hindi. 
650 |v Poetry 
942 |c BK 
999 |c 92661  |d 92661 
952 |0 0  |1 0  |4 0  |6 861_837090000000000_PRA_N_H  |7 0  |9 92603  |a UL  |b UL  |c ST1  |d 1998-11-11  |l 0  |o 861.83709 PRA/N H  |p 71540  |r 2012-10-27  |w 2012-10-27  |y BK